| 000 | 00900cam a2200289 a 4500 | ||
|---|---|---|---|
| 999 |
_c834 _d834 |
||
| 001 | 834 | ||
| 003 | OSt | ||
| 005 | 20221025134021.0 | ||
| 008 | 110929s2011 bg 000 0 beno | ||
| 020 | _a9847012001943 | ||
| 035 | _a(BD-JhCC)834 | ||
| 040 |
_aDLC _erda _cDLC _dDLC |
||
| 041 | _aben | ||
| 050 | 0 | 0 |
_aPK1701 _b.S2982 2011 |
| 082 |
_a891.4409 _bSOR 2012 |
||
| 100 | 1 | _aসরকার, যতীন | |
| 240 | 1 | 0 | _aEssays. |
| 245 | 1 | 0 |
_aশ্রেষ্ঠ প্রবন্ধ / _cযতীন সরকার |
| 246 | 3 | 1 | _aShreshthya probandho |
| 260 |
_aঢাকা : _bঅন্যপ্রকাশ, _c২০১২. |
||
| 300 |
_a319 p. : _c22 cm. |
||
| 500 | _aEssays. | ||
| 520 | _aCritical essays chiefly on Bengali literature; includes articles on socio and political issues of Bangladesh. | ||
| 650 | 0 | _aBengali Literature | |
| 942 |
_2ddc _cBK _01 |
||